000 00265nam a2200109Ia 4500
008 190216s9999||||xx |||||||||||||| ||und||
100 _aGopala Pilla K N
245 0 _aMalayalam-Kesaveeyam Oru Aswadanam
260 _bCurrent Books
650 _aKavitha
942 _cBK
999 _c24651
_d24651